Einfuhrung in die vergleichende Morhpologie der Wirbeltiere.

Bibliographic Details
Main Author: Portmann, Adolf, 1897-1982
Format: Book
Language:German
Published: Basel : B. Schwabe, 1959.
Edition:2., uberarb. und erweiterte Aufl.
Subjects:

MARC

Tag First Indicator Second Indicator Subfields
LEADER 00000cam a2200000 4500
001 in00000043580
005 20151007074905.0
008 750811s1959 sz a b 00000 ger u
010 |a a 60001160  
035 |a (OCoLC)01535563 
035 |9 AAF2272AM 
040 |c FQG  |d TXA  |d UtOrBLW 
049 |a TXAM  |c [320451] 
090 |a QL805  |b .P6 1959 
092 |a 591.4  |b P853e, 1959 
100 1 |a Portmann, Adolf,  |d 1897-1982. 
245 1 0 |a Einfuhrung in die vergleichende Morhpologie der Wirbeltiere. 
250 |a 2., uberarb. und erweiterte Aufl. 
264 1 |a Basel :  |b B. Schwabe,  |c 1959. 
300 |a 337 pages :  |b illustrations ;  |c 25 cm. 
336 |a text  |b txt  |2 rdacontent 
337 |a unmediated  |b n  |2 rdamedia 
338 |a volume  |b nc  |2 rdacarrier 
504 |a Bibliography: pages 330-332. 
650 0 |a Morphology (Animals) 
650 0 |a Vertebrates. 
999 |a MARS 
999 f f |s 26bc9c8f-7187-31d7-9fc2-24726cc4e1b6  |i d3c76dcd-3190-3ce9-9915-8a2d6bf5b972  |t 0 
952 f f |p ric  |a Texas A&M University  |b Rellis Campus  |c Joint Library Facility  |d Remote Storage  |t 0  |e QL805 .P6 1959  |h Library of Congress classification  |i unmediated -- volume  |m A14801006828 
998 f f |a QL805 .P6 1959  |t 0  |l Remote Storage